000 01117cad a22003135a 4500
001 E153936
008 110926s2011 xxkbd f 000 0 eng d
020 _a9780859517010
035 _a(Sirsi) u153936
041 0 _aeng
050 0 4 _a615.625756 $2 18
100 1 _aMiles, J. C. H.
245 0 0 _aIndicative atlas of radon in Scotland
_h[electronic resource]
260 _aDidcot
_bHealth Protection Agency
_c2011
520 _aPresents the results of a survey of radon levels across Scotland. Identifies those areas with a 1% or greater probability of exceeding the Action level.
521 _aAdvanced
590 _aKA
651 4 _aScotland
_y1999-
690 _aMANAGEMENT-HEALTH AND SAFETY-HAZARDOUS SUBSTANCES-RADON
700 1 _aAppleton, J. D.
700 1 _aRees, D. M.
700 1 _aAdlam, K. A. M.
700 1 _aScheib, C.
700 1 _aMyers, A. H.
700 1 _aGreen, B. M. R.
700 1 _aMcColl, N. P.
856 4 0 _uhttps://www.hpa.org.uk/Publications/Radiation/CRCEScientificAndTechnicalReportSeries/HPACRCE023/
_zView the report free of charge at www.hpa.org.uk
942 _n0
999 _c112773
_d112773